[Event "Katerini op 2nd"]
[Site "Katerini"]
[Date "2025.03.22"]
[Round "3"]
[White "Margaritis, Ioannis M"]
[Black "Mihov, Filip"]
[Result "0-1"]
[WhiteElo "2004"]
[BlackElo "2245"]
[PlyCount "84"]
[EventDate "2025.03.21"]
[EventType "swiss"]
[EventRounds "7"]
[EventCountry "GRE"]
[SourceTitle "CB14_2025"]
[SourceDate "2024.11.01"]
[SourceVersion "1"]
[SourceVersionDate "2024.11.01"]
[SourceQuality "1"]

1. d4 Nf6 2. c4 e6 3. Nc3 Bb4 4. Qc2 d6 5. e3 Nbd7 6. Be2 0-0 7. Nf3 b6 8. 0-0 Bxc3 9. Qxc3 Bb7 10. b4 Ne4 11. Qb2 f5 12. Nd2 Qg5 13. f4 Qe7 14. Nf3 a5 15. a3 axb4 16. axb4 Rxa1 17. Qxa1 Ra8 18. Qb2 Qe8 19. Bd2 Ra7 20. Ra1 Qa8 21. Rxa7 Qxa7 22. Bd1 Ndf6 23. h3 Qa8 24. Be1 h6 25. Bb3 g5 26. fxg5 hxg5 27. Qa2 Qxa2 28. Bxa2 Kg7 29. Bb1 Kg6 30. Bd3 g4 31. hxg4 Nxg4 32. Bxe4 fxe4 33. Nh4+ Kh5 34. c5 Nxe3 35. g3 Nc2 36. Bc3 e3 37. cxd6 cxd6 38. b5 Be4 39. Kf1 Kg4 40. d5 exd5 41. Ng2 Bxg2+ 42. Kxg2 d4 0-1

[Event "Skopje op-A"]
[Site "Skopje"]
[Date "2024.12.16"]
[Round "8"]
[White "Margaritis, Ioannis M"]
[Black "Asici, Poyraz Efe"]
[Result "0-1"]
[WhiteElo "1933"]
[BlackElo "1853"]
[PlyCount "76"]
[EventDate "2024.12.11"]
[EventType "swiss"]
[EventRounds "9"]
[EventCountry "MKD"]
[SourceTitle "CB52_2024"]
[SourceDate "2024.12.25"]
[SourceVersion "1"]
[SourceVersionDate "2024.12.25"]
[SourceQuality "1"]

1. d4 Nf6 2. c4 e6 3. Nf3 c5 4. d5 b5 5. dxe6 fxe6 6. cxb5 d5 7. e3 Nbd7 8. Nc3 Bd6 9. Bd3 Bb7 10. Ng5 Qe7 11. Qe2 0-0 12. Bc2 h6 13. Nf3 Qf7 14. h3 Rad8 15. e4 Ne5 16. 0-0 Nxf3+ 17. Qxf3 Qg6 18. Qe2 d4 19. f4 dxc3 20. e5 Be4 21. f5 exf5 22. exd6 cxb2 23. Bxb2 Rxd6 24. Bxf6 Rfxf6 25. Bxe4 fxe4 26. Rxf6 Qxf6 27. Rf1 Qd4+ 28. Kh1 Qd3 29. Qe1 e3 30. Rf3 Re6 31. Qg3 Qd1+ 32. Kh2 e2 33. Qb8+ Kh7 34. Rf8 e1Q 35. Rh8+ Kg6 36. Rxh6+ Kxh6 37. Qf4+ Kh7 38. Qf5+ Rg6 0-1

[Event "Skopje op-A"]
[Site "Skopje"]
[Date "2024.12.14"]
[Round "4"]
[White "Margaritis, Ioannis M"]
[Black "Nikanova, Ekaterina"]
[Result "1/2-1/2"]
[WhiteElo "1933"]
[BlackElo "2063"]
[PlyCount "83"]
[EventDate "2024.12.11"]
[EventType "swiss"]
[EventRounds "9"]
[EventCountry "MKD"]
[SourceTitle "CB52_2024"]
[SourceDate "2024.12.25"]
[SourceVersion "1"]
[SourceVersionDate "2024.12.25"]
[SourceQuality "1"]

1. d4 d5 2. c4 dxc4 3. e4 e5 4. Nf3 Bb4+ 5. Nc3 exd4 6. Nxd4 Nd7 7. Bxc4 Ngf6 8. 0-0 0-0 9. f3 Ne5 10. Bb3 c6 11. Be3 Qe7 12. Qe2 h6 13. Rfd1 Ng6 14. Qc2 Kh8 15. Nce2 c5 16. Nb5 b6 17. a3 Ba5 18. Ng3 Nh4 19. Bf4 Ne8 20. Bd5 Bb7 21. Nd6 Bxd5 22. Rxd5 Nf6 23. Ngf5 Nxf5 24. Nxf5 Qb7 25. Rd6 Ne8 26. Rdd1 b5 27. Qf2 c4 28. Kh1 Qc6 29. Bd6 Nxd6 30. Rxd6 Qc7 31. Qh4 f6 32. Qg4 Rad8 33. Rad1 Rxd6 34. Rxd6 c3 35. bxc3 Bxc3 36. g3 b4 37. axb4 Bxb4 38. Rd4 a5 39. Kg2 Ra8 40. Nh4 Rd8 41. Rxd8+ Qxd8 42. Ng6+ 1/2-1/2

[Event "GRE-ch U14"]
[Site "Peristeri"]
[Date "2024.06.27"]
[Round "8"]
[White "Papakyriakou, Charalampos"]
[Black "Margaritis, Ioannis M"]
[Result "1/2-1/2"]
[WhiteElo "1863"]
[BlackElo "1828"]
[PlyCount "105"]
[EventDate "2024.06.22"]
[EventType "swiss"]
[EventRounds "9"]
[EventCountry "GRE"]
[SourceTitle "EXT 2025"]
[Source "ChessBase"]
[SourceDate "2024.10.14"]
[SourceVersion "1"]
[SourceVersionDate "2024.10.14"]
[SourceQuality "1"]

1. d4 b6 2. c4 Bb7 3. Nc3 e6 4. Nf3 Bb4 5. Bd2 f5 6. a3 Be7 7. e3 Nf6 8. Bd3 0-0 9. 0-0 a6 10. Rc1 Qe8 11. Ne1 Ne4 12. Nxe4 fxe4 13. Bb1 d5 14. cxd5 exd5 15. Rxc7 Bc6 16. Rxe7 Qxe7 17. Bb4 Qg5 18. Bxf8 Kxf8 19. f4 Qg6 20. Nf3 Nd7 21. Ne5 Nxe5 22. fxe5+ Kg8 23. Qb3 Qh6 24. Bxe4 Rd8 25. Qxb6 Qxe3+ 26. Kh1 Rf8 27. Bxd5+ Bxd5 28. Rxf8+ Kxf8 29. Qd8+ Kf7 30. Qxd5+ Kg6 31. h3 Qc1+ 32. Kh2 Qf4+ 33. g3 Qf2+ 34. Qg2 Qxd4 35. Qe2 Kf7 36. Kg2 Ke7 37. Kf3 g6 38. Qe4 Qd1+ 39. Kg2 Qd2+ 40. Kf3 Qd1+ 41. Qe2 Qd5+ 42. Kf2 Qd4+ 43. Kg2 Qd5+ 44. Kh2 Qc5 45. e6 a5 46. h4 Qd4 47. Qc2 Kxe6 48. Qc8+ Kf7 49. Qc7+ Kg8 50. Qb8+ Kf7 51. Qf4+ Qxf4 52. gxf4 a4 53. Kg3 1/2-1/2

[Event "GRE-ch U14"]
[Site "Peristeri"]
[Date "2024.06.26"]
[Round "7"]
[White "Margaritis, Ioannis M"]
[Black "Kiryttopoulos, Panagiotis Aris"]
[Result "1/2-1/2"]
[WhiteElo "1828"]
[BlackElo "1911"]
[PlyCount "67"]
[EventDate "2024.06.22"]
[EventType "swiss"]
[EventRounds "9"]
[EventCountry "GRE"]
[SourceTitle "EXT 2025"]
[Source "ChessBase"]
[SourceDate "2024.10.14"]
[SourceVersion "1"]
[SourceVersionDate "2024.10.14"]
[SourceQuality "1"]

1. d4 d5 2. c4 e6 3. Nc3 h6 4. cxd5 exd5 5. Bf4 Nf6 6. e3 Bd6 7. Bxd6 Qxd6 8. Bd3 0-0 9. Nf3 Bg4 10. h3 Bxf3 11. Qxf3 Nbd7 12. 0-0 c6 13. Rab1 a6 14. Rfc1 Nb6 15. Qd1 Qe7 16. Qb3 Nc8 17. a4 Nd6 18. Qa3 Rfe8 19. Ne2 Nfe4 20. Bxe4 Nxe4 21. Qxe7 Rxe7 22. Rc2 Nd6 23. b3 a5 24. Nf4 Ra6 25. Nd3 Ne4 26. Rbb2 Ra8 27. Rb1 g5 28. f3 Nd6 29. Kf2 Rae8 30. Re1 Nf5 31. Rce2 Kg7 32. g4 Nd6 33. Nc5 f5 34. Nd3 1/2-1/2

[Event "GRE-ch U14"]
[Site "Peristeri"]
[Date "2024.06.25"]
[Round "6"]
[White "Margaritis, Ioannis M"]
[Black "Tselepis, Ioannis"]
[Result "1/2-1/2"]
[WhiteElo "1828"]
[BlackElo "1789"]
[PlyCount "60"]
[EventDate "2024.06.22"]
[EventType "swiss"]
[EventRounds "9"]
[EventCountry "GRE"]
[SourceTitle "EXT 2025"]
[Source "ChessBase"]
[SourceDate "2024.10.14"]
[SourceVersion "1"]
[SourceVersionDate "2024.10.14"]
[SourceQuality "1"]

1. c4 c5 2. Nc3 Nc6 3. g3 g6 4. Bg2 Bg7 5. e4 d6 6. Nge2 e6 7. 0-0 Nge7 8. Rb1 b6 9. a3 Bb7 10. d3 0-0 11. Be3 Nd4 12. f4 Nec6 13. g4 Nxe2+ 14. Qxe2 Nd4 15. Qf2 f5 16. exf5 Bxg2 17. Qxg2 exf5 18. g5 Qd7 19. Rbe1 Rae8 20. h4 Re6 21. Bf2 Rfe8 22. Kh2 Ne2 23. Nd5 Nd4 24. Rxe6 Rxe6 25. Re1 Rxe1 26. Bxe1 Qe6 27. Bc3 Ne2 28. Nf6+ Bxf6 29. Bxf6 Nxf4 30. Qa8+ Kf7 1/2-1/2

[Event "GRE-ch U14"]
[Site "Peristeri"]
[Date "2024.06.23"]
[Round "3"]
[White "Bougas, Georgios"]
[Black "Margaritis, Ioannis M"]
[Result "1/2-1/2"]
[WhiteElo "1958"]
[BlackElo "1828"]
[PlyCount "78"]
[EventDate "2024.06.22"]
[EventType "swiss"]
[EventRounds "9"]
[EventCountry "GRE"]
[SourceTitle "EXT 2025"]
[Source "ChessBase"]
[SourceDate "2024.10.14"]
[SourceVersion "1"]
[SourceVersionDate "2024.10.14"]
[SourceQuality "1"]

1. e4 c5 2. Nf3 d6 3. d4 cxd4 4. Nxd4 Nf6 5. Nc3 a6 6. Bg5 e6 7. f4 Be7 8. Qf3 Qc7 9. 0-0-0 Nbd7 10. g4 b5 11. Bxf6 Nxf6 12. g5 Nd7 13. f5 0-0 14. Rg1 b4 15. Nce2 e5 16. f6 exd4 17. fxe7 Re8 18. Nf4 Ne5 19. Nd5 Nxf3 20. Nxc7 Rxe7 21. Nxa8 Nxg1 22. Rxd4 g6 23. Rxd6 Bb7 24. Rd8+ Kg7 25. Bd3 a5 26. Nb6 Bxe4 27. Nc8 Re5 28. Bxe4 Rxe4 29. c3 Re1+ 30. Kc2 bxc3 31. bxc3 Re5 32. h4 h6 33. gxh6+ Kxh6 34. Nd6 Re2+ 35. Kd3 f5 36. Nf7+ Kg7 37. Ng5 Rxa2 38. Rd7+ Kf6 39. Rd6+ Kg7 1/2-1/2

[Event "GRE-ch U18"]
[Site "Athens"]
[Date "2024.01.08"]
[Round "9"]
[White "Margaritis, Ioannis M"]
[Black "Charistes, Nikolaos"]
[Result "1/2-1/2"]
[WhiteElo "1675"]
[BlackElo "1606"]
[PlyCount "73"]
[EventDate "2024.01.02"]
[EventType "swiss"]
[EventRounds "9"]
[EventCountry "GRE"]
[SourceTitle "EXT 2025"]
[Source "ChessBase"]
[SourceDate "2024.10.14"]
[SourceVersion "1"]
[SourceVersionDate "2024.10.14"]
[SourceQuality "1"]
[WhiteTeam "Griechenland"]
[BlackTeam "Griechenland"]
[WhiteTeamCountry "GRE"]
[BlackTeamCountry "GRE"]

1. d4 f5 2. Nc3 Nf6 3. Bg5 d5 4. f3 h6 5. Bh4 Be6 6. Qd3 c6 7. e4 fxe4 8. fxe4 dxe4 9. Nxe4 Qd5 10. Nc3 Qf5 11. Qxf5 Bxf5 12. 0-0-0 g5 13. Bg3 Bg7 14. Bd3 e6 15. Nf3 Nbd7 16. Rhe1 0-0 17. Ne4 Nxe4 18. Bxe4 Rfe8 19. h3 Nf6 20. Bd3 Rad8 21. Bh2 g4 22. Nh4 gxh3 23. Nxf5 exf5 24. Rxe8+ Rxe8 25. Bxf5 hxg2 26. Rg1 Nd5 27. Bg6 Re2 28. Bd3 Rf2 29. Bg3 Rf3 30. Rxg2 Nf4 31. Bxf4 Rxf4 32. c3 Kf7 33. Bg6+ Ke7 34. Bh5 Bf6 35. Kc2 Bg5 36. Bg4 Kd6 37. a4 1/2-1/2

[Event "GRE-ch U18"]
[Site "Athens"]
[Date "2024.01.06"]
[Round "7"]
[White "Margaritis, Ioannis M"]
[Black "Skodras, Marios Konstantinos"]
[Result "0-1"]
[WhiteElo "1675"]
[BlackElo "1712"]
[PlyCount "86"]
[EventDate "2024.01.02"]
[EventType "swiss"]
[EventRounds "9"]
[EventCountry "GRE"]
[SourceTitle "EXT 2025"]
[Source "ChessBase"]
[SourceDate "2024.10.14"]
[SourceVersion "1"]
[SourceVersionDate "2024.10.14"]
[SourceQuality "1"]
[WhiteTeam "Griechenland"]
[BlackTeam "Griechenland"]
[WhiteTeamCountry "GRE"]
[BlackTeamCountry "GRE"]

1. c4 Nf6 2. Nc3 e6 3. e4 d5 4. e5 Nfd7 5. f4 dxc4 6. Nf3 g6 7. Bxc4 Bg7 8. 0-0 0-0 9. d4 Nb6 10. Bb3 Nd5 11. Nxd5 exd5 12. Bd2 Nc6 13. Be1 Ne7 14. Bb4 c6 15. Ne1 Re8 16. g4 Qd7 17. Bxe7 Qxe7 18. Qf3 f6 19. Nd3 fxe5 20. dxe5 Rf8 21. Rae1 Be6 22. Qg3 Rf7 23. Rf2 Raf8 24. Ref1 b6 25. Bc2 Kh8 26. Ne1 Qc5 27. Kh1 d4 28. h4 Bd5+ 29. Kh2 Qe7 30. Nd3 Bh6 31. g5 Bg7 32. h5 gxh5 33. f5 h4 34. Qxh4 Bxe5+ 35. Kg1 Rg8 36. Nxe5 Rxg5+ 37. Ng4 Rfg7 38. Bd1 Rxg4+ 39. Qxg4 Rxg4+ 40. Bxg4 Qg5 41. Rf4 Qh4 42. Bf3 Qg3+ 43. Kh1 Qxf4 0-1

[Event "GRE-ch U14"]
[Site "Peristeri"]
[Date "2023.07.05"]
[Round "4"]
[White "Margaritis, Ioannis M"]
[Black "Papaioannou, Dimitrios1"]
[Result "0-1"]
[WhiteElo "1597"]
[BlackElo "2108"]
[PlyCount "102"]
[EventDate "2023.07.03"]
[EventType "swiss"]
[EventRounds "9"]
[EventCountry "GRE"]
[SourceTitle "EXT 2024"]
[Source "ChessBase"]
[SourceDate "2023.10.10"]
[SourceVersion "1"]
[SourceVersionDate "2023.10.10"]
[SourceQuality "1"]

1. d4 Nf6 2. c4 g6 3. Nc3 Bg7 4. e4 d6 5. Nf3 0-0 6. Be2 e5 7. d5 a5 8. Bg5 Na6 9. Nd2 h6 10. Bh4 Qe8 11. 0-0 g5 12. Bg3 Nxe4 13. Ndxe4 f5 14. f3 fxe4 15. Nxe4 b6 16. Bf2 Bd7 17. b3 Qe7 18. Qd2 Rf4 19. Be3 Nc5 20. Nxc5 bxc5 21. Bxf4 exf4 22. Rae1 Bd4+ 23. Kh1 Qf6 24. Qc2 h5 25. Bd3 Kg7 26. Re2 Be3 27. Rfe1 Re8 28. Be4 g4 29. Rxe3 fxe3 30. Qe2 Qh4 31. Qb2+ Kh6 32. Rxe3 g3 33. h3 Re5 34. Qd2 Kg7 35. Re2 a4 36. bxa4 Bxa4 37. Qa5 Qf6 38. Re1 Bd7 39. Qxc7 Re7 40. Qd8 Kh6 41. Qb8 Bxh3 42. Qb1 Qh4 43. Qc1+ Kg7 44. Qb2+ Kf7 45. Kg1 Bg4 46. Qh8 Qh2+ 47. Kf1 Qh1+ 48. Ke2 Rxe4+ 49. Kd3 Rd4+ 50. Qxd4 Bf5+ 51. Kd2 Qxg2+ 0-1

[Event "GRE-ch U20"]
[Site "Trikala"]
[Date "2023.04.24"]
[Round "9"]
[White "Kalogridis, Themistoklis"]
[Black "Margaritis, Ioannis M"]
[Result "1-0"]
[WhiteElo "1707"]
[BlackElo "1601"]
[PlyCount "109"]
[EventDate "2023.04.18"]
[EventType "swiss"]
[EventRounds "9"]
[EventCountry "GRE"]
[SourceTitle "EXT 2024"]
[Source "ChessBase"]
[SourceDate "2023.10.10"]
[SourceVersion "1"]
[SourceVersionDate "2023.10.10"]
[SourceQuality "1"]

1. d4 d5 2. c4 e6 3. Nc3 c5 4. cxd5 cxd4 5. Qa4+ Bd7 6. Qxd4 exd5 7. Qxd5 Nf6 8. Qd1 Bb4 9. Bd2 0-0 10. Nf3 Qe7 11. e3 Rd8 12. Be2 Nc6 13. 0-0 Bf5 14. Qb3 Ne5 15. Rfd1 Nxf3+ 16. Bxf3 Be6 17. Qc2 Rac8 18. Be1 Bd6 19. Qe2 Bc4 20. Qc2 b5 21. b3 Be6 22. Qe2 a6 23. Rac1 Qc7 24. Ne4 Qxc1 25. Nxd6 Qa3 26. Nxc8 Rxc8 27. Bc3 Nd7 28. Qd2 Qc5 29. Bd4 Qc2 30. h3 Nf6 31. Bxf6 gxf6 32. Qa5 Qg6 33. Qxa6 Qg5 34. Qb6 Bxh3 35. Rd8+ Rxd8 36. Qxd8+ Kg7 37. Qd5 Be6 38. Qxg5+ fxg5 39. a4 bxa4 40. bxa4 Bc8 41. Bc6 Kf6 42. Kh2 Ke5 43. Bb5 Kd5 44. a5 Kc5 45. Be2 h6 46. Kg3 f5 47. f4 Kb4 48. a6 Ka5 49. a7 Bb7 50. Bf3 Kb6 51. a8Q Bxa8 52. Bxa8 Kc7 53. e4 fxe4 54. Bxe4 Kd6 55. fxg5 1-0

[Event "GRE-chT U16 14th"]
[Site "Rio Achaia"]
[Date "2022.12.15"]
[Round "1"]
[White "Spyridakis, Georgios"]
[Black "Margaritis, Ioannis M"]
[Result "0-1"]
[WhiteElo "1213"]
[BlackElo "1695"]
[PlyCount "138"]
[EventDate "2022.12.15"]
[EventType "team-swiss"]
[EventRounds "6"]
[EventCountry "GRE"]
[SourceTitle "EXT 2024"]
[Source "ChessBase"]
[SourceDate "2023.10.10"]
[SourceVersion "1"]
[SourceVersionDate "2023.10.10"]
[SourceQuality "1"]

1. e4 c5 2. Nf3 d6 3. d4 cxd4 4. Nxd4 Nf6 5. Nc3 a6 6. a4 g6 7. Be3 Bg7 8. f3 0-0 9. Bc4 b6 10. Bb3 Bb7 11. Qd2 Nc6 12. 0-0 Rc8 13. Rad1 Ne5 14. Qe2 Qc7 15. Kh1 Nc4 16. Bxc4 Qxc4 17. Qxc4 Rxc4 18. Nb3 Nd7 19. Bd4 b5 20. Bxg7 Kxg7 21. Rd4 Rfc8 22. Rxc4 Rxc4 23. Na5 Rc7 24. axb5 axb5 25. Nxb5 Rc5 26. c4 Ba6 27. b4 Rc8 28. Na7 Rc7 29. Nb5 Bxb5 30. cxb5 Rc2 31. h3 Nb8 32. Rd1 Kf6 33. Rd4 Ke5 34. Rd1 Kf4 35. Kh2 Ke3 36. Rb1 Kd2 37. b6 Ra2 38. b7 Kc2 39. Rf1 Ra4 40. Rf2+ Kc3 41. Rf1 Kxb4 42. Nc6+ Nxc6 43. Rb1+ Kc5 44. b8Q Nxb8 45. Rxb8 Ra7 46. Rh8 h5 47. Rf8 e6 48. Rc8+ Kd4 49. Rc1 d5 50. Rd1+ Ke5 51. g4 Ra2+ 52. Kg3 dxe4 53. f4+ Kf6 54. Re1 Ra3+ 55. Kh4 hxg4 56. hxg4 e3 57. Kg3 e5 58. Kf3 exf4 59. Kxf4 Ra4+ 60. Kf3 Kg5 61. Rxe3 Rf4+ 62. Kg3 Rxg4+ 63. Kh3 f5 64. Re5 Ra4 65. Rd5 Ra3+ 66. Kg2 Kg4 67. Rd4+ f4 68. Rd6 Ra2+ 69. Kf1 g5 0-1

[Event "GRE-chT Online Rapid op 1st"]
[Site "Tornelo INT"]
[Date "2021.02.21"]
[Round "9.24"]
[White "Margaritis, Ioannis M"]
[Black "Raftopoulos, Emmanouil"]
[Result "1/2-1/2"]
[WhiteElo "1149"]
[BlackElo "1398"]
[PlyCount "69"]
[EventDate "2021.02.20"]
[EventType "team-swiss (rapid)"]
[EventRounds "9"]
[EventCountry "GRE"]
[SourceTitle "EXT 2023"]
[Source "ChessBase"]
[SourceDate "2022.10.05"]
[SourceVersion "1"]
[SourceVersionDate "2022.10.05"]
[SourceQuality "1"]

1. d4 d5 2. c4 e6 3. Nc3 f5 4. cxd5 exd5 5. Nf3 c6 6. Bg5 Be7 7. Bxe7 Qxe7 8. e3 Nf6 9. Bd3 0-0 10. 0-0 Ne4 11. Qc2 Nd7 12. a3 Rf6 13. b4 Rh6 14. b5 g5 15. bxc6 bxc6 16. Rfb1 g4 17. Nd2 Qh4 18. Nf1 Ndf6 19. Bxe4 Nxe4 20. Nxe4 fxe4 21. Ra2 Ba6 22. Rab2 Rf8 23. Rb8 Rhf6 24. Rxf8+ Rxf8 25. Rc1 Bd3 26. Qd2 Qf6 27. Ng3 Bb5 28. Rc2 Qe7 29. Rc3 Rf6 30. Qd1 Rg6 31. Qd2 Qh4 32. Nf5 Qg5 33. Ng3 Rh6 34. Qb2 Qh4 35. Nf1 1/2-1/2